Genie et folie de Jean-Jacques Rousseau /

Saved in:
Bibliographic Details
Main Author: Borel, Jacques, 1925-
Format: Book
Language:French
Published: Paris : Corti, 1966.
Subjects:
LEADER 00777nam a2200217 i 4500
001 c000012071
003 CARM
005 00000000000000.0
008 820930s1966 fr 00000 fre d
019 1 |a 2559955  |z 28343287  |5 LACONCORD2021 
035 |a (OCoLC)1099560  |5 LACONCORD2021 
100 1 |a Borel, Jacques,  |d 1925- 
245 1 0 |a Genie et folie de Jean-Jacques Rousseau /  |c Jacques Borel. 
260 |a Paris :  |b Corti,  |c 1966. 
300 |a 318p. ;  |c 23cm. 
600 1 0 |a Rousseau, Jean-Jacques,  |d 1712-1778, 
852 8 |b CARM  |h A2:AD02C0  |i B00073  |p 0020389  |f BK 
082 0 |a 194 
082 0 |a 840.5 
999 f f |i 4a80f79b-4541-5b3f-af27-dfc5bc70390e  |s bfa9e4d4-a7a6-5a34-94f7-f6ac6d09b9f8 
952 f f |p Can circulate  |a CAVAL  |b CAVAL  |c CAVAL  |d CARM 1 Store  |e B00073  |f A2:AD02C0  |h Other scheme  |i book  |m 0020389